LDR 00968naa#a2200181#i#450# 001 RU\\bibl\124043 005 20260701204456.3 011 ## _a2073-0454 100 ## _a20240216b2024####ek#y0rusy0150####ca 102 ## _aRU 200 1# _aЭТИЧЕСКИЕ ОСНОВЫ ПРОЦЕССА ФОРМИРОВАНИЯ ЛИЧНОСТИ СОТРУДНИКА ПРАВООХРАНИТЕЛЬНЫХ ОРГАНОВ _eЖурнальная статья 210 1# _aМосква _cМосковский университет МВД России имени В.Я. Кикотя _d2024 215 ## _a4 с. 608 ## _aЖурнальная статья _2local 675 ## _aФилософия, теории, законы психологии. Метафизическая психология. Рациональная психология. 159.9.01 _z 700 #1 _aБельский _gВиталий Юрьевич 700 #1 _aСтрелкова _gНина Владимировна 856 4# _amosumvd.editorum.ru _u